Library of the University of Algiers 3
Ibrahim Sultan Cheibout
شعار جامعة الجزائر 3
مكتبة جامعة الجزائر 3
إبراهيم سلطان شيبوط

نظرية اقتصاديات الوحدة : (رقم التسجيلة. 45075)

تفاصيل مارك
000 -LEADER
fixed length control field 01498nam a2200301Ia 4500
003 - CONTROL NUMBER IDENTIFIER
control field Ost
005 - DATE AND TIME OF LATEST TRANSACTION
control field 20260507075612.0
008 - FIXED-LENGTH DATA ELEMENTS--GENERAL INFORMATION
fixed length control field 260507s9999||||xx |||||||||||||| ||und||
020 ## - INTERNATIONAL STANDARD BOOK NUMBER
International Standard Book Number 47864790
040 ## - CATALOGING SOURCE
Transcribing agency fsecg
041 ## - LANGUAGE CODE
Language code of text/sound track or separate title ara
082 ## - DEWEY DECIMAL CLASSIFICATION NUMBER
Classification number 330.1543
100 ## - MAIN ENTRY--PERSONAL NAME
Personal name هندرسون، جيمس.م
Relator term مؤلف
245 #0 - TITLE STATEMENT
Title نظرية اقتصاديات الوحدة :
Remainder of title أسلوب رياضي /
Statement of responsibility, etc. جيمس.م هندرسون
260 ## - PUBLICATION, DISTRIBUTION, ETC.
Place of publication, distribution, etc. الرياض:
Name of publisher, distributor, etc. دار المريخ,
Date of publication, distribution, etc. 1983
300 ## - PHYSICAL DESCRIPTION
Extent 508 صفحة؛
Other physical details إيضاحات ؛
Dimensions 24 سم
490 ## - SERIES STATEMENT
Series statement كتب الاقتصاد
504 ## - BIBLIOGRAPHY, ETC. NOTE
Bibliography, etc. note الملاحق ص.451
520 ## - SUMMARY, ETC.
Summary, etc. نظريات سلوك المستهلك، موضوعات في سلوك المستهلك، نظريات المؤسسات والشركات التجارية والمالية، موضوعات في نظرية المؤسسة، توازن السوق، الاحتكار الثنائي واحتكار القلة واحتكار بين الطرفين، توازن الأسواق المتعددة، موضوعات في توازن الأسواق المتعددة، اقتصاديات الرفاهية، تحقيق الأمثلية عبر الزمن
653 ## - INDEX TERM--UNCONTROLLED
Uncontrolled term الإحتكار
653 ## - INDEX TERM--UNCONTROLLED
Uncontrolled term الاقتصاد الجزئي
653 ## - INDEX TERM--UNCONTROLLED
Uncontrolled term الإقتصاد-نظريات
653 ## - INDEX TERM--UNCONTROLLED
Uncontrolled term التفاضل
653 ## - INDEX TERM--UNCONTROLLED
Uncontrolled term التكامل
653 ## - INDEX TERM--UNCONTROLLED
Uncontrolled term الرياضيات المالية
700 ## - ADDED ENTRY--PERSONAL NAME
Personal name أ.كوندات، ريتشارد
Relator term مؤلف ثانوي
942 ## - ADDED ENTRY ELEMENTS (KOHA)
Koha item type كتب
المقتنيات
Withdrawn status Lost status Source of classification or shelving scheme Damaged status Not for loan Home library Current library Date acquired Serial enumeration / chronology Inventory number Total checkouts Full call number Barcode Date last seen Price effective from Koha item type
    Dewey Decimal Classification   Available مكتبة كلية العلوم الإقتصادية والعلوم التجارية وعلوم التسيير مكتبة كلية العلوم الإقتصادية والعلوم التجارية وعلوم التسيير 07/05/2026 الطابق الأرضي 626/1   أ/626ن1 626/1 07/05/2026 07/05/2026 كتب
    Dewey Decimal Classification   NOT LOAN / إعارة داخلية مكتبة كلية العلوم الإقتصادية والعلوم التجارية وعلوم التسيير مكتبة كلية العلوم الإقتصادية والعلوم التجارية وعلوم التسيير 07/05/2026 الطابق الأرضي 025.21/13   أ/626ن2 025.21/13 07/05/2026 07/05/2026 كتب

موارد الويب المفتوحة


© University of Algiers 3 All Rights Reserved
|
Implemented by LECHELAH Riad